| 000 | 00418nam a22001457a 4500 | ||
|---|---|---|---|
| 020 | _a9780070590892 | ||
| 082 |
_a627.01 _bVED/WA |
||
| 100 |
_aVedula, S _aMajumdar, P P _9155 |
||
| 245 | _aWater Resources Systems: Modelling Technniques and Analysis | ||
| 260 |
_aNew Delhi _bTata McGraw Hill _c2010 |
||
| 300 | _a279 | ||
| 490 | _aCivil Engineering Series | ||
| 650 |
_aWater Resouces systems _9156 |
||
| 942 | _cBK | ||
| 999 |
_c14133 _d14133 |
||